| 000 | 00495nam a2200145 4500 | ||
|---|---|---|---|
| 999 |
_c14618 _d14618 |
||
| 008 | 191019b ||||| |||| 00| 0 eng d | ||
| 022 | _a03080587 | ||
| 082 | _aDPer 420.5 M72 Apr-Oct 2011 v. 20, n. 2-4 | ||
| 100 |
_940448 _aGomes, William Chaves. |
||
| 245 |
_aSurviving teenagers/ _cWilliam Chaves Gomes. |
||
| 260 |
_aChichester, West Sussex: _bPavilion Publishing, _c©2011. |
||
| 300 |
_av20, n2 pages 29-32: _bcolor illustrations; _c30 cm. |
||
| 650 |
_aTeenagers. _940621 |
||
| 942 |
_2ddc _cPER |
||